000 00319nam a22001457a 4500
008 221010b ||||| |||| 00| 0 eng d
020 _a0852745133
041 _aeng
080 _a159.9
082 _a159.9
100 _a24.1
101 _aPSI
245 _aTHINKING LIKE A PHYSICIST
_cTHOMPSON N
942 _2udc
_cBK
999 _c58461
_d58461